书目信息 |
| 题名: |
文化产业研究
|
|
| 作者: | 顾江 主编 | |
| 分册: | 第2辑 | |
| 出版信息: | 南京 东南大学出版社 2008.03 |
|
| 页数: | 261页 | |
| 开本: | 24cm | |
| 丛书名: | ||
| 单 册: | ||
| 中图分类: | G114 | |
| 科图分类: | ||
| 主题词: | ||
| 电子资源: | ||
| ISBN: | 978-7-5641-1148-9 | |
| 000 | 00535nam0 2200169 450 | |
| 001 | 202410212087602498 | |
| 005 | 20241021142941.98 | |
| 010 | @a978-7-5641-1148-9@d¥39.00 | |
| 100 | @a20241021d km y0chiy0120 ea | |
| 101 | 0 | @achi |
| 200 | 1 | @a文化产业研究@AWen Hua Chan Ye Yan Jiu@h第2辑@f顾江主编@FGu Jiang Zhu Bian |
| 210 | @a南京@c东南大学出版社@d2008.03 | |
| 215 | @a261页@d24cm | |
| 690 | @aG114@v4 | |
| 701 | 0 | @a顾江@AGu Jiang@4主编 |
| 801 | 0 | @aCN@b大连网信软件有限公司图书馆·11@c20241021 |
| 905 | @aZUCC@b7510660@dG114@e108:2@f1 | |
| 文化产业研究.第2辑/顾江主编.-南京:东南大学出版社,2008.03 |
| 261页;24cm |
| ISBN 978-7-5641-1148-9:¥39.00 |
| ● |
| 相关链接 |
|
|
|
|
正题名:文化产业研究
索取号:G114/108:2
 
预约/预借
| 序号 | 登录号 | 条形码 | 馆藏地/架位号 | 状态 | 备注 |
| 1 | 7510660 | 275106608 | 密集书库-史法系/ [索取号:G114/108:2] | 在馆 |